[Event "SVK-chT 2223"]
[Site "Slovakia"]
[Date "2023.02.26"]
[Round "8.5"]
[White "Simacek, Pavel"]
[Black "Toth, Ervin"]
[Result "1-0"]
[WhiteElo "2465"]
[BlackElo "2432"]
[PlyCount "77"]
[EventDate "2022.10.22"]
[EventType "team-tourn"]
[EventRounds "11"]
[EventCountry "SVK"]
[SourceTitle "EXT 2024"]
[Source "ChessBase"]
[SourceDate "2023.10.10"]
[SourceVersion "1"]
[SourceVersionDate "2023.10.10"]
[SourceQuality "1"]
[WhiteTeam "Humenne Reinter"]
[BlackTeam "Cebovce"]
[WhiteTeamCountry "SVK"]
[BlackTeamCountry "SVK"]

1. e4 g6 2. d4 Bg7 3. c4 d6 4. Nc3 Nf6 5. Be2 0-0 6. Be3 e5 7. d5 a5 8. h4 Na6 9. h5 Nc5 10. h6 Bh8 11. Bg5 c6 12. Nf3 Qb6 13. Qc2 Ng4 14. Nh2 Nxf2 15. Rf1 Qxb2 16. Qxb2 Nfd3+ 17. Kd2 Nxb2 18. Be7 Re8 19. Bxd6 Nba4 20. Bf3 Bf6 21. Nxa4 Nxa4 22. Kc2 cxd5 23. Kb3 Nb6 24. cxd5 Bg5 25. Bc7 Nd7 26. Ng4 b5 27. Rad1 Nc5+ 28. Kb2 f6 29. d6 Bd7 30. Be2 Rf8 31. Rd5 Nxe4 32. Bf3 Ng3 33. Re1 Rae8 34. Bxa5 e4 35. Bd1 e3 36. Bb3 Rf7 37. Rxg5 fxg5 38. Nf6+ Kf8 39. Bxf7 1-0

[Event "CZE-chT 2122"]
[Site "Czech Republic"]
[Date "2022.04.08"]
[Round "13.5"]
[White "Simacek, Pavel"]
[Black "Rogozenco, Dorian"]
[Result "1-0"]
[WhiteElo "2444"]
[BlackElo "2466"]
[PlyCount "75"]
[EventDate "2021.10.15"]
[EventType "team-tourn"]
[EventRounds "15"]
[EventCountry "CZE"]
[SourceTitle "EXT 2023"]
[Source "ChessBase"]
[SourceDate "2022.10.05"]
[SourceVersion "1"]
[SourceVersionDate "2022.10.05"]
[SourceQuality "1"]
[WhiteTeam "Turnov Zikuda"]
[BlackTeam "Lysa nad Labem"]
[WhiteTeamCountry "CZE"]
[BlackTeamCountry "CSR"]

1. e4 c5 2. Nf3 Nc6 3. Nc3 Nf6 4. Bb5 Qc7 5. 0-0 Nd4 6. Nxd4 cxd4 7. Nd5 Nxd5 8. exd5 Qc5 9. c4 a6 10. b4 Qxb4 11. Ba4 b5 12. cxb5 Bb7 13. Bb3 axb5 14. Re1 e6 15. Qg4 h5 16. Qg5 Rh6 17. Rb1 Rg6 18. Qxh5 d3 19. dxe6 Rxg2+ 20. Kf1 Qf4 21. Qxf7+ Qxf7 22. exf7+ Kd8 23. Re8+ Kc7 24. Bb2 Bd6 25. Rc1+ Kb6 26. Bd4+ Ka6 27. Rxa8+ Bxa8 28. Rc8 Bb7 29. f8Q Bxf8 30. Rxf8 Rxh2 31. f3 Rxd2 32. Bxg7 Rh2 33. Be5 Rh1+ 34. Kf2 Rh5 35. Rf6+ Bc6 36. Bf4 Ka5 37. Rd6 Rf5 38. Bd2+ 1-0

[Event "CZE-chT 2122"]
[Site "Czech Republic"]
[Date "2022.02.13"]
[Round "10.6"]
[White "Burdalev, Kirill"]
[Black "Simacek, Pavel"]
[Result "0-1"]
[WhiteElo "2374"]
[BlackElo "2444"]
[PlyCount "84"]
[EventDate "2021.10.15"]
[EventType "team-tourn"]
[EventRounds "15"]
[EventCountry "CZE"]
[SourceTitle "EXT 2023"]
[Source "ChessBase"]
[SourceDate "2022.10.05"]
[SourceVersion "1"]
[SourceVersionDate "2022.10.05"]
[SourceQuality "1"]
[WhiteTeam "Praha Dopravni Podnik"]
[BlackTeam "Turnov Zikuda"]
[WhiteTeamCountry "CZE"]
[BlackTeamCountry "CZE"]

1. e4 c5 2. Nf3 g6 3. d4 cxd4 4. Nxd4 Bg7 5. c4 Nc6 6. Be3 Nf6 7. Nc3 d6 8. Be2 0-0 9. 0-0 Nxd4 10. Bxd4 Bd7 11. b4 Be6 12. Qd3 Nd7 13. Bxg7 Kxg7 14. Qd4+ Kg8 15. Nd5 Bxd5 16. Qxd5 a5 17. a3 axb4 18. axb4 Qb6 19. Rab1 Nf6 20. Qd3 Ra4 21. e5 dxe5 22. c5 Qc7 23. Rfd1 Raa8 24. Qe3 Rfd8 25. Bf3 e6 26. Re1 Rd4 27. g3 Ra4 28. b5 e4 29. Qg5 Kg7 30. b6 Qc6 31. Bg2 Rd5 32. Qf4 Rxc5 33. h4 e5 34. Qe3 Rc3 35. Rec1 Rac4 36. Rxc3 Rxc3 37. Qd2 Qc5 38. h5 Nxh5 39. Bxe4 Rxg3+ 40. Kh2 Rg4 41. Bxb7 Qe7 42. Bg2 Nf4 0-1

[Event "CZE-chT 2122"]
[Site "Czech Republic"]
[Date "2022.02.12"]
[Round "9.6"]
[White "Simacek, Pavel"]
[Black "Jurcik, Marian"]
[Result "1/2-1/2"]
[WhiteElo "2444"]
[BlackElo "2406"]
[PlyCount "73"]
[EventDate "2021.10.15"]
[EventType "team-tourn"]
[EventRounds "15"]
[EventCountry "CZE"]
[SourceTitle "EXT 2023"]
[Source "ChessBase"]
[SourceDate "2022.10.05"]
[SourceVersion "1"]
[SourceVersionDate "2022.10.05"]
[SourceQuality "1"]
[WhiteTeam "Turnov Zikuda"]
[BlackTeam "Unichess"]
[WhiteTeamCountry "CZE"]
[BlackTeamCountry "CZE"]

1. d4 d6 2. Nf3 g6 3. c4 Bg7 4. e4 Bg4 5. Nc3 Nc6 6. Be3 e5 7. d5 Nd4 8. Be2 Bxf3 9. Bxf3 c5 10. dxc6 bxc6 11. c5 dxc5 12. 0-0 Nf6 13. Na4 0-0 14. Rc1 Nd7 15. Nxc5 Nxc5 16. Rxc5 Qb6 17. Qc1 Rab8 18. b3 Qa6 19. Qb2 Rfd8 20. Rfc1 Rb6 21. R5c4 Rd6 22. Be2 Qc8 23. h3 Qd8 24. Bf1 Qh4 25. Qa3 Rd7 26. Bxd4 exd4 27. Rxc6 Rxc6 28. Rxc6 d3 29. Rc8+ Rd8 30. g3 Qf6 31. e5 Qb6 32. Rxd8+ Qxd8 33. Qd6 Qxd6 34. exd6 d2 35. Be2 Kf8 36. Kf1 Be5 37. Bd1 1/2-1/2

[Event "CZE-chT1E 2122"]
[Site "Czech Republic"]
[Date "2021.10.10"]
[Round "2.6"]
[White "Haba, Petr"]
[Black "Simacek, Pavel"]
[Result "1-0"]
[WhiteElo "2455"]
[BlackElo "2444"]
[PlyCount "113"]
[EventDate "2021.10.09"]
[EventType "team-tourn"]
[EventRounds "11"]
[EventCountry "CZE"]
[SourceTitle "EXT 2023"]
[Source "ChessBase"]
[SourceDate "2022.10.05"]
[SourceVersion "1"]
[SourceVersionDate "2022.10.05"]
[SourceQuality "1"]
[WhiteTeam "Gordic"]
[BlackTeam "Vsetin"]
[WhiteTeamCountry "CZE"]
[BlackTeamCountry "CZE"]

1. d4 Nf6 2. c4 e6 3. g3 d5 4. Bg2 dxc4 5. Nf3 a6 6. 0-0 Nc6 7. e3 Rb8 8. Qe2 b5 9. b3 cxb3 10. axb3 Be7 11. Bd2 0-0 12. Rc1 Bb7 13. Ne1 Nb4 14. Bxb4 Bxb4 15. Bxb7 Rxb7 16. Rxa6 Qd5 17. Qc2 Rbb8 18. Nd3 Bd6 19. Nc3 Qb7 20. Ra5 b4 21. Na4 Ra8 22. Rxa8 Rxa8 23. Qc6 Qxc6 24. Rxc6 Ne4 25. Rc2 f5 26. f3 Nf6 27. Re2 Ra5 28. Kg2 Rd5 29. Nf4 Bxf4 30. gxf4 Ra5 31. Rc2 Nd5 32. Kf2 Ra7 33. Ke2 Kf7 34. Kd3 Ke7 35. Rc6 Kd7 36. Ra6 Rxa6 37. Nc5+ Kd6 38. Nxa6 Kc6 39. Kd2 Kd6 40. Nc5 Ke7 41. Nd3 Ke8 42. e4 fxe4 43. fxe4 Nc3 44. Nc5 Ke7 45. Ke3 Na2 46. Kd3 Nc1+ 47. Kd2 Na2 48. Na4 Kf6 49. Kc2 g5 50. fxg5+ Kxg5 51. Kb2 Nc3 52. Nxc3 bxc3+ 53. Kxc3 h5 54. b4 h4 55. b5 Kf4 56. Kd3 h3 57. e5 1-0

[Event "CZE-chT1E 2122"]
[Site "Czech Republic"]
[Date "2021.10.09"]
[Round "1.6"]
[White "Simacek, Pavel"]
[Black "Hrbek, Stepan"]
[Result "1/2-1/2"]
[WhiteElo "2444"]
[BlackElo "2231"]
[PlyCount "78"]
[EventDate "2021.10.09"]
[EventType "team-tourn"]
[EventRounds "11"]
[EventCountry "CZE"]
[SourceTitle "EXT 2023"]
[Source "ChessBase"]
[SourceDate "2022.10.05"]
[SourceVersion "1"]
[SourceVersionDate "2022.10.05"]
[SourceQuality "1"]
[WhiteTeam "Vsetin"]
[BlackTeam "Chotebor"]
[WhiteTeamCountry "CZE"]
[BlackTeamCountry "CZE"]

1. e4 c5 2. Nf3 d6 3. c4 e5 4. g3 Nc6 5. Bg2 g6 6. d3 Bg7 7. Bg5 Nge7 8. Qd2 h6 9. Be3 g5 10. Nc3 Be6 11. 0-0 Qd7 12. Nd5 f5 13. exf5 Nxf5 14. Ne1 0-0 15. Nc2 Rab8 16. b4 cxb4 17. Ncxb4 e4 18. Rad1 exd3 19. Nxd3 b5 20. cxb5 Rxb5 21. Nc3 Ra5 22. Nc1 Ne5 23. Nb3 Nc4 24. Qc1 Ncxe3 25. fxe3 Bxb3 26. axb3 Rc8 27. Bh3 Rxc3 28. Qb1 Qe6 29. Bxf5 Qxe3+ 30. Kh1 Rxb3 31. Bh7+ Kh8 32. Qg6 Rb8 33. Rxd6 Ra1 34. Rxa1 Bxa1 35. Qxh6 Qe1+ 36. Kg2 Qe2+ 37. Kg1 Qe1+ 38. Kg2 Qe2+ 39. Kg1 Qe1+ 1/2-1/2